Pathophysiology of Heart Disease : (Record no. 594504)

000 -LEADER
fixed length control field 02732cam a22003974a 4500
001 - CONTROL NUMBER
control field 16335130
005 - DATE AND TIME OF LATEST TRANSACTION
control field 20230413151155.0
008 - FIXED-LENGTH DATA ELEMENTS--GENERAL INFORMATION
fixed length control field 100714s2011 mdua b 001 0 eng
010 ## - LIBRARY OF CONGRESS CONTROL NUMBER
LC control number 2010029159
016 7# - NATIONAL BIBLIOGRAPHIC AGENCY CONTROL NUMBER
Record control number 101535783
Source DNLM
020 ## - INTERNATIONAL STANDARD BOOK NUMBER
International Standard Book Number 9780812115666
020 ## - INTERNATIONAL STANDARD BOOK NUMBER
International Standard Book Number 1605477230
035 ## - SYSTEM CONTROL NUMBER
System control number (OCoLC)ocn649701807
040 ## - CATALOGING SOURCE
Original cataloging agency DNLM/DLC
Transcribing agency DLC
Modifying agency YDX
-- NLM
-- YDXCP
-- DLC
042 ## - AUTHENTICATION CODE
Authentication code pcc
050 00 - LIBRARY OF CONGRESS CALL NUMBER
Classification number RC682.9
Item number .P255 2011
060 00 - NATIONAL LIBRARY OF MEDICINE CALL NUMBER
Classification number 2011 G-559
060 10 - NATIONAL LIBRARY OF MEDICINE CALL NUMBER
Classification number WG 210
082 00 - DEWEY DECIMAL CLASSIFICATION NUMBER
Classification number 616.1207
Edition number 22
Author Mark PAT
245 00 - TITLE STATEMENT
Title Pathophysiology of Heart Disease :
Remainder of title a collaborative project of medical students and faculty /
Statement of responsibility, etc. editor Leonard S. Lilly.
250 ## - EDITION STATEMENT
Edition statement 5th ed.
260 ## - PUBLICATION, DISTRIBUTION, ETC.
Place of publication, distribution, etc. Baltimore, MD :
Name of publisher, distributor, etc. Wolters Kluwer/Lippincott Williams & Wilkins,
Date of publication, distribution, etc. c1992.
300 ## - PHYSICAL DESCRIPTION
Extent xiv, 461 p. :
Other physical details ill. ;
Dimensions 26 cm.
504 ## - BIBLIOGRAPHY, ETC. NOTE
Bibliography, etc. note Includes bibliographical references and index.
505 0# - FORMATTED CONTENTS NOTE
Formatted contents note Basic cardiac structure and function / Ken Young Lin ... [et al.] -- The cardiac cycle : mechanisms of heart sounds and murmurs / Henry Jung and Leonard S. Lilly -- Cardiac imaging and catheterization / Henry Jung, Ken Young Lin, and Patricia Challender Come -- The electrocardiogram / Stephen R. Pomedli and Leonard S. Lilly -- Atherosclerosis / Jordan B. Strom and Peter Libby -- Ischemic heart disease / June-Wha Rhee, Marc S. Sabatine, and Leonard S. Lilly -- Acute coronary syndromes / June-Wha Rhee, Marc S. Sabatine, and Leonard S. Lilly -- Valvular heart disease / Christopher A. Miller, Patrick T. O'Gara, and Leonard S. Lilly --
505 0# - FORMATTED CONTENTS NOTE
Formatted contents note Heart failure / Neal Anjan Chatterjee and Michael A. Fifer -- The cardiomyopathies / Christopher T. Lee, G. William Dec, and Leonard S. Lilly -- Mechanisms of cardiac arrhythmias / Ranliang Hu ... [et al.] -- Clinical aspects of cardiac arrhythmias / Ranliang Hu, William G. Stevenson, and Leonard S. Lilly -- Hypertension / Christopher T. Lee, Gordon H. Williams, and Leonard S. Lilly -- Diseases of the pericardium / Yin Ren and Leonard S. Lilly -- Diseases of the peripheral vasculature / Fan Liang and Mark A. Creager -- Congenital heart disease / David D. Berg and David W. Brown -- Cardiovascular drugs / Cyrus K. Yamin ... [et al.].
650 #0 - SUBJECT ADDED ENTRY--TOPICAL TERM
Topical term or geographic name entry element Heart
General subdivision Pathophysiology.
9 (RLIN) 111890
650 12 - SUBJECT ADDED ENTRY--TOPICAL TERM
Topical term or geographic name entry element Heart Diseases
General subdivision physiopathology.
9 (RLIN) 111891
700 1# - ADDED ENTRY--PERSONAL NAME
Personal name Lilly, Leonard S.
9 (RLIN) 111892
710 2# - ADDED ENTRY--CORPORATE NAME
Corporate name or jurisdiction name as entry element Harvard Medical School.
9 (RLIN) 111893
856 41 - ELECTRONIC LOCATION AND ACCESS
Materials specified Table of contents only
Uniform Resource Identifier <a href="http://www.loc.gov/catdir/enhancements/fy1201/2010029159-t.html">http://www.loc.gov/catdir/enhancements/fy1201/2010029159-t.html</a>
856 42 - ELECTRONIC LOCATION AND ACCESS
Materials specified Publisher description
Uniform Resource Identifier <a href="http://www.loc.gov/catdir/enhancements/fy1312/2010029159-d.html">http://www.loc.gov/catdir/enhancements/fy1312/2010029159-d.html</a>
906 ## - LOCAL DATA ELEMENT F, LDF (RLIN)
a 7
b cbc
c orignew
d 1
e ecip
f 20
g y-gencatlg
942 ## - ADDED ENTRY ELEMENTS (KOHA)
Source of classification or shelving scheme
Koha item type Book
Holdings
Withdrawn status Lost status Source of classification or shelving scheme Damaged status Not for loan Permanent Location Current Location Shelving location Date acquired Total Checkouts Full call number Barcode Date last seen Date last checked out Price effective from Koha item type
          School of Mechanical & Manufacturing Engineering (SMME) School of Mechanical & Manufacturing Engineering (SMME) General Stacks 04/13/2023 1 616.1207 PAT SMME-3821 10/22/2024 02/20/2024 04/13/2023 Book
© 2023 Central Library, National University of Sciences and Technology. All Rights Reserved.